Agricultural statistics: For field and laboratory experimentation (Record no. 74682)
[ view plain ]
| 000 -LEADER | |
|---|---|
| fixed length control field | 00324nam a22001217a 4500 |
| 020 ## - INTERNATIONAL STANDARD BOOK NUMBER | |
| ISBN | 978-93-272-6440-1 |
| 082 ## - DEWEY DECIMAL CLASSIFICATION NUMBER | |
| Classification number | 31:631 |
| Item number | SAR |
| 100 ## - MAIN ENTRY--AUTHOR NAME | |
| Personal name | SARMA (Abhijith) |
| 245 ## - TITLE STATEMENT | |
| Title | Agricultural statistics: For field and laboratory experimentation |
| 260 ## - PUBLICATION, DISTRIBUTION, ETC. (IMPRINT) | |
| Place of publication | Ludhiana |
| Name of publisher | Kalyani Publishers |
| Year of publication | 2016 |
| 300 ## - PHYSICAL DESCRIPTION | |
| Number of Pages | 749p. |
| 942 ## - ADDED ENTRY ELEMENTS (KOHA) | |
| Koha item type | Books |
| Withdrawn status | Lost status | Damaged status | Not for loan | Home library | Current library | Date acquired | Source of acquisition | Cost, normal purchase price | Full call number | Accession Number | Koha item type |
|---|---|---|---|---|---|---|---|---|---|---|---|
| RRII Library | RRII Library | 18/05/2022 | Infogate Publishers, Thiruvananthapuram Inv No 003 dated 13.5.33 for Rs 983 for 3 books (Rs 450/- for this book) | 450.00 | 31:631 SAR | 23539 | Books |